000 00238nam a2200109Ia 4500
008 190216s9999||||xx |||||||||||||| ||und||
100 _aPushpa Nath
245 4 _aThe Devils
260 _bVictory Press
650 _aMalayalam
942 _cBK
999 _c25679
_d25679